000
00262nam a22001217a 4500
008
170720b xxu||||| |||| 00| 0 eng d
041
_a
eng
080
_a
2
100
_a
24
101
_a
TEO
245
_a
WHY I AM NOT A CHRISTIAN
_c
RUSSELL, B
942
_2
udc
_c
BK
999
_c
21642
_d
21642